Zanietenie prevažuje

Bibliographic Details
Main Author: Brozmannová, Želmíra, 1940- (Author)
Format: Article
Language:Slovak
Subjects:

MARC

LEADER 00000nab a2200000 a 4500
001 vtls000358371
003 SK-MaSNL
005 20260302223645.0
008 140414c1989 xo 0 slo
015 |a SNBRB19rr/mm-uuuuu 
035 |a CL0358493 
040 |a SNKBUCL  |b slo  |c SNKBUCL  |e AACR2 
041 0 |a slo 
044 |a xo  |c SK 
080 |a 026:78(437.6):061.3  |2 1981 
080 |a 78(437.6)  |2 1981 
080 |a 061.3  |2 1981 
100 1 |a Brozmannová, Želmíra,  |d 1940-  |4 aut  |9 5115 
245 1 0 |a Zanietenie prevažuje  |c Ž. Brozmannová ; Želmíra Brozmannová 
650 0 7 |a knižnice  |2 snkbucl  |9 17965 
650 0 7 |a oddelenia hudobné v knižniciach  |2 snkbucl  |9 942548 
655 7 |a články z novín a časopisov  |2 snkbucl  |9 267496 
655 7 |a články z odboru knihovníctvo  |2 snkbucl  |9 166141 
700 1 |a Brozmannová, Želmíra,  |d 1940-  |4 aut  |9 5115 
773 0 |t Čitateľ  |g Roč. 38, č. 7-8 (1989), s. 269-270 
850 |a Slovenská národná knižnica v Martine  |a MTA001 
852 |a SNK  |b KIS3GCP 
957 |a 5100 
958 |a RK 
958 |a KL 
992 |a RBX 
999 |c 1521279  |d 1523209